000 00381nam a2200145Ia 4500
005 20260328101449.0
008 260328s9999||||xx |||||||||||||| ||und||
100 _aToca Fernández, Antonio
245 0 _aArquitectura y Ciudad /
_cAntonio Toca Fernández
250 _a1a ed.
260 _bInstituto Politécnico Nacional
300 _a367 p.
650 _aURBANISMO
942 _cBK
999 _c8561
_d8561